Statystyki dla Linux

Kliknij tutaj aby rozwiązać quiz!

Ogólne statystyki

  • Ten quiz został rozwiązany 6 razy
  • Średni wynik to 11 z 49

Statystyki odpowiedzi

PytanieOdpowiedź% Poprawnych
Jaki znak mówi że jesteśmy rootem#
100%
Do wyświetlania datydate
60%
Aby wyszukać wszystkie pliki z rozszerzeniem txt w katalogu /home/user i zawierające w nazwie ciąg znaków abcls /home/user/*abc*.txt
60%
Usunąć wszystkie pliki zaczynające się na a z katalogu głównegorm /a*
60%
systemem do zarządzania pakietami dla dystrybucji Debian/ubuntu jestapt
40%
Wyświetlenie datycal
40%
Wyświetlanie zawartości plikucat
40%
Lista wszystkich założonych kontcat /passwd
40%
aby przejść do katalogu bieżącego użytkownika należy użyćcd ~
40%
Zmiana właściciela pliku lub kataloguchown
40%
Czyszczenie ekranu terminalaclear
40%
kopiowanie plikówcp
40%
Polecenie do kopiowania danych na dysku USBcp
40%
Informacje zawierające aktualną godzinę, czas działania systemu i liczbę zalogowanych użytkownikówecho
40%
wyświetlenie informacji zawierających aktualną godzinę, czas działania systemu oraz liczbę zalogowanych uzytkownikówecho
40%
pliki konfiguracyjne systemu są w katalogu/etc
40%
zakończenie procesukill
40%
Zmiana hasła dla użytkownikapasswd
40%
Monitorowanie bieżących procesówps
40%
Aby wykonać polecenie z uprawnieniami roota trzeba poprzedzićsudo
40%
Archiwizacja danychtar
40%
Główna powłoka systemowa linuxbash
20%
jak uzyskać pomoc do polecenia formatformat -help
20%
Prawo R nadane katalogowi umożliwiaodczyt
20%
oprócz polecenia ls do wyświetlania plików i katalogów można skorzystaćpwd
20%
Zmiana hasła użytkownika uczensudo passwd uczen
20%
Do tworzenia konta z katalogiemuseradd
20%
Jak sprawdzić wszystkich zalogowanych do systemu użytkownikówwho
20%
Do aktualizacji systemów Linux można użyćapt-get i zypper
0%
Polecenia dotyczące folderówcd rmdir
0%
Sprawdzić integralność systemu plikówfsck
0%
sudo apt-get install mc zrobiinstalacja prostego eksploratora plików
0%
chmod +x testkażdy może otworzyć plik
0%
Informacje o podzespołachlshw
0%
uname -swnazwa jądra systemu operacyjnego
0%
co zrobi cat autapodejrzy zawartość pliku auta
0%
chmod +x testpozwala na uruchomienie pliku przez każdego użytkownika
0%
Zwykły użytkownik systemu, który chce usunąć konto innego użytkownika razem z katalogiem domowymsudo userdel -r
0%
Aby utworzyć skompresowane archiwum danychtar -xvf
0%
Do monitorowania użycia procesora, pamięci, procesów i obciążeń systemu użyjemytop
0%
Wyświetla czas pracy oraz średnie obciążenie systemuuptime
0%
passwd Ala spowodujeustawienie hasła użytkownika Ala
0%
co zrobi rmusunie plik lub folder
0%
polecenie rmdirusuwa pusty katalog
0%
pwdwyświetla aktualną ścieżkę katalogu
0%
ls -lwyświetlania katalogu szczegółowo
0%
ls -la /wyświetlanie listy plików i katalogów ukrytych
0%
Polecenie lswyświetla zawartość katalogu
0%
echo offecho ola.txt >> ala.txtpausezostanie wpisany tekst ola.txt do pliku ala.txt
0%

Rozkład punktacji

Percentyl według liczby udzielonych odpowiedzi

Procent ludzi z każdym wynikiem

Twoja historia wyników

Nie rozwiązałeś tego quizu